00746nam a2200217 a 450000100060000000300090000600800410001502000150005604000280007108200150009910000300011424500790014425000060022326000620022930000100029165000440030165000390034565000540038465000470043865000430048510826CO-ViMGA141112s2004 ck r 000 u spa d a9586552586 aCO-ViMGAbspacCO-ViMGA04a323.2 A56c1 aAlonso ; Manuel Alberto, 10aConflicto armado y configuración regional : bEl caso de Magdalena Medio a1 aMedellín : bEditorial Universidad de Antioquia, c1997 a211p.14aGUERRILLAS - MAGDALENA - MEDIO COLOMBIA14aMAGDALENA - CONDICIONES ECONOMICAS14aMAGDALENA - MEDIO COLOMBIA - CONDICIONES SOCIALES14aPARAMILITARES - MAGDALENA - MEDIO COLOMBIA14aVIOLENCIA - MAGDALENA - MEDIO COLOMBIA